MARC details
| 000 -CABECERA |
| campo de control de longitud fija |
04236nam a2200397 i 4500 |
| 003 - IDENTIFICADOR DEL NÚMERO DE CONTROL |
| campo de control |
DO-SdBNP |
| 005 - FECHA Y HORA DE LA ÚLTIMA TRANSACCIÓN |
| campo de control |
20241202084920.0 |
| 007 - CAMPO FIJO DE DESCRIPCIÓN FÍSICA--INFORMACIÓN GENERAL |
| campo de control de longitud fija |
ta |
| 008 - DATOS DE LONGITUD FIJA--INFORMACIÓN GENERAL |
| campo de control de longitud fija |
241126b2022 sp ||||| |||| 00| 0 spa d |
| 020 ## - NÚMERO INTERNACIONAL ESTÁNDAR DEL LIBRO |
| Número Internacional Estándar del Libro |
9788413117362 (vol. 1) |
| 020 ## - NÚMERO INTERNACIONAL ESTÁNDAR DEL LIBRO |
| Número Internacional Estándar del Libro |
9788413117379 (vol. 2) |
| 040 ## - FUENTE DE LA CATALOGACIÓN |
| Centro catalogador/agencia de origen |
DO-SdBNP |
| Lengua de catalogación |
spa |
| Centro/agencia transcriptor |
BNPHU |
| Normas de descripción |
rda |
| 041 ## - CÓDIGO DE LENGUA |
| Código de lengua del texto/banda sonora o título independiente |
spa |
| 082 #4 - NÚMERO DE LA CLASIFICACIÓN DECIMAL DEWEY |
| Número de clasificación |
012Nebrija |
| Número de documento/Ítem |
A635n |
| Número de edición |
22 |
| 245 00 - MENCIÓN DE TÍTULO |
| Título |
Antonio de Nebrija V Centenario (1522-2022) |
| 250 ## - MENCIÓN DE EDICIÓN |
| Mención de edición |
Primera edición |
| 264 #4 - PRODUCCIÓN, PUBLICACIÓN, DISTRIBUCIÓN, FABRICACIÓN Y COPYRIGHT |
| Producción, publicación, distribución, fabricación y copyright |
Madrid, España : |
| Nombre del de productor, editor, distribuidor, fabricante |
Ediciones Universidad de Salamanca, |
| Fecha de producción, publicación, distribución, fabricación o copyright |
©2022. |
| 300 ## - DESCRIPCIÓN FÍSICA |
| Extensión |
2 volúmenes : |
| Otras características físicas |
ilustraciones (blanco y negro) ; |
| Dimensiones |
33 cm. |
| 336 ## - TIPO DE CONTENIDO |
| Término de tipo de contenido |
texto |
| Código de tipo de contenido |
txt |
| Fuente |
rdacontent |
| 337 ## - TIPO DE MEDIO |
| Nombre/término del tipo de medio |
sin mediación |
| Código del tipo de medio |
n |
| Fuente |
rdamedia |
| 338 ## - TIPO DE SOPORTE |
| Nombre/término del tipo de soporte |
volumen |
| Código del tipo de soporte |
nc |
| Fuente |
rdacarrier |
| 490 0# - MENCIÓN DE SERIE |
| Mención de serie |
Serie conmemorativa ; |
| Designación de volumen o secuencia |
8 |
| 500 ## - NOTA GENERAL |
| Nota general |
Incluye referencias bibliográficas y notas al pie de las páginas |
| 505 2# - NOTA DE CONTENIDO CON FORMATO |
| Nota de contenido con formato |
v.1. |
| Título |
Nueva caracola del bibliófilo nebrisense : repertorio bibliográfico de la obra impresa y manuscrita de Antonio de Nebrija, siglos XV y XVI / |
| Mención de responsabilidad |
Pedro Martín Baños (984 páginas) -- |
| Título |
Introducción-- |
| -- |
Abreviaturas y referencias bibliográficas-- |
| Información miscelánea |
Primera parte-- |
| Título |
Los impresos-- |
| -- |
Mapa-guía de las ediciones-- |
| -- |
Repertorio cronológico de las ediciones nebrisenses Siglo (XV-XVI)-- |
| Información miscelánea |
Segunda parte-- |
| Título |
Los manuscritos-- |
| -- |
Adenda. Sobre dos maculaturas nebrisenses-- |
| -- |
Índices-- |
| Información miscelánea |
v.2. |
| Título |
Cultura manuscrita y cultura impresa en el entorno de Antonio de Nebrija / |
| Mención de responsabilidad |
Jacobo Sanz Hermida, Pedro Martín Baños, editores (254 páginas) |
| Título |
Padre de la lengua latina / |
| Mención de responsabilidad |
Jacobo Sanz Hermida-- |
| Título |
La escritura autógrafa de Antonio de Nebrija: técnica y evolución / |
| Mención de responsabilidad |
Elena Rodríguez Díaz-- |
| Título |
El entramado editorial salmantino en el sigloXV/ |
| Mención de responsabilidad |
María Eugenia López Varea-- |
| Título |
Letrerías góticas, redondas y cursivas en la imprenta hispana (siglos XVy XVI) / |
| Mención de responsabilidad |
Julián Martín Abad-- |
| Título |
La tipografía griega en España y Antonio de Nebrija / |
| Mención de responsabilidad |
Teresa Martínez Manzano-- |
| Título |
Cum privilegio: Nebrija y el despertar de la con(s)ciencia de autor / |
| Mención de responsabilidad |
Inmaculada García-Cervigón del Rey-- |
| Título |
La obra Nebrija en las prensas francesas del siglo XVI / |
| Mención de responsabilidad |
Pedro Martín Baños-- |
| Título |
Panorama de las ediciones nebrisenses impresas en Flandes durante el siglo XVI / |
| Mención de responsabilidad |
César Manrique Figueroa. |
| 520 3# - SUMARIO, ETC. |
| Sumario, etc. |
Ediciones de la Universidad de Salamanca se ha sumado a los actos conmemorativos del V Centenario de Antonio de Nebrija (1522-2022) dando a luz dos volúmenes de gran formato y cuidada factura que pretenden convertirse en una herramienta de obligada referencia y de investigación para todo aquel que se plantee navegar por la abundante y procelosa producción del gramático andaluz. Pedro Martín Baños lleva a cabo en la Nueva Caracola del Bibliófilo Nebrisense una concienzuda revisión de la pionera y célebre obra bibliográfica de Antonio de Odriozola, publicada en 1946, ahora ampliada en cerca de doscientas entradas y enriquecida con la edición de textos preliminares y postliminares de variado interés, así como profusamente ilustrada con portadas, dedicatorias y colofones. El segundo volumen, titulado Cultura manuscrita y cultura impresa en el entorno de Antonio de Nebrija, presenta un panorama del mundo del códice manuscrito y de la imprenta material de los siglos XV y XVI, en el que han participado los especialistas Elena Rodríguez Díaz, M.ª Eugenia López Varea; Julián Martín Abad, Teresa Martínez Manzano, Inmaculada García-Cervigón del Rey, Pedro Martín Baños y César Manrique Figueroa. (Fuente: Ediciones Universidad de Salamanca. https://www.eusal.es/eusal/catalog/book/978-84-1311-735-5) |
| 590 ## - NOTA LOCAL (RLIN) |
| Nota local |
Inventariado, 2024/BT |
| 600 17 - PUNTO DE ACCESO ADICIONAL DE MATERIA--NOMBRE DE PERSONA |
| Nombre de persona |
Nebrija, Antonio de |
| Fechas asociadas al nombre |
1444-1522 |
| Subdivisión de forma |
Bibliografías |
| 9 (RLIN) |
86844 |
| 650 #7 - PUNTO DE ACCESO ADICIONAL DE MATERIA--TÉRMINO DE MATERIA |
| Término de materia o nombre geográfico como elemento de entrada |
Imprenta |
| Subdivisión geográfica |
España |
| Subdivisión cronológica |
Siglo XV |
| Fuente del encabezamiento o término |
LEMB |
| 9 (RLIN) |
86845 |
| 650 #7 - PUNTO DE ACCESO ADICIONAL DE MATERIA--TÉRMINO DE MATERIA |
| Término de materia o nombre geográfico como elemento de entrada |
Imprenta |
| Subdivisión geográfica |
España |
| Subdivisión cronológica |
Siglo XVI |
| Fuente del encabezamiento o término |
LEMB |
| 9 (RLIN) |
86846 |
| 700 1# - PUNTO DE ACCESO ADICIONAL--NOMBRE DE PERSONA |
| Nombre de persona |
Martín Baños, Pedro, |
| Término indicativo de función/relación |
autor |
| -- |
director |
| 9 (RLIN) |
86836 |
| 700 1# - PUNTO DE ACCESO ADICIONAL--NOMBRE DE PERSONA |
| Nombre de persona |
Sanz Hermida, Jacobo, |
| Término indicativo de función/relación |
editor |
| -- |
director |
| Código de función/relación |
ed. |
| 9 (RLIN) |
86835 |
| Título de la obra |
Martín Baños, Pedro $eautor $edirector de la publicación |
| 700 1# - PUNTO DE ACCESO ADICIONAL--NOMBRE DE PERSONA |
| Nombre de persona |
Martín Baños, Pedro, |
| Término indicativo de función/relación |
Nueva caracola del bibliófilo nebrisense |
| 9 (RLIN) |
86847 |
| 730 02 - PUNTO DE ACCESO ADICIONAL--TÍTULO UNIFORME |
| Título uniforme |
Cultura manuscrita y cultura impresa en el entorno de Antonio de Nebrija |
| 9 (RLIN) |
86848 |
| 910 ## - DATOS DE OPCIÓN DEL USUARIO (OCLC) |
| Datos de opción del usuario |
Btavárez |
| 942 ## - ELEMENTOS DE PUNTO DE ACCESO ADICIONAL (KOHA) |
| Fuente del sistema de clasificación o colocación |
Dewey Decimal Classification |
| Tipo de ítem Koha |
Libro |